000 00741nam a2200253Ia 4500
001 Para_9613
003 OSt
005 20251121124011.0
008 220602s1998 mx ad r 000 0 spa d
020 _a978 - 0 - 632 - 03046 - 0
040 _aCHAP
_cPA
082 _aPA 632 L93 1998
100 _aLucas, John A.
_9185031
245 _aPlant pathology and plant pathogens / John A. Lucas
250 _a3a ed.
260 _aMassachusetts : Blackwell
300 _a274 p.
500 _aIncluye referencias bibliográficas
650 0 _aMicroorganismos fitopatógenos - Control
_9185032
901 _aPA 632 L93 1998
902 _aM
905 _a5231271998 maua 8112223321eng11
942 _cLIBRO
_2ddc
999 _c217216
_d217216